000 00409nam a2200169Ia 4500
999 _c51404
_d51404
003 0100
005 20180919100919.0
008 130303s9999 xx 000 0 und d
040 _cARRUPELIB
050 _aB1649.R93O8 1956
100 _aRussell, Bertrand
_98739
245 _aOur knowledge of the external world
260 _aNew York
_bThe New American Library
_c1993
300 _avii
300 _b 191p. 18cm.
650 _aKnowledge, Theory of
_942291
650 _aLogical atomism
_942292
942 _2lcc
_cMONOGRAPH